Word Ladder: Three Ships Quiz Stats

 Plays Quiz Updated May 13, 2018

Challenge
Share
Tweet
Embed
Score 0/28 Timer 04:00
0 Plays Today
Hint 5-Letter Word % Correct
Home of the Eiffel TowerPARIS
95.6%
Waltz, jig, or couranteDANCE
94.1%
ComponentsPARTS
93.6%
Abe Lincoln’s coinPENNY
93%
With Rung 13, one of three ships (Jesus’s madre)⛵MARIA⛵
91%
One of three ships (Spanish for “painted one”)⛵PINTA⛵
90.3%
Prince wants to do this like it’s 1999PARTY
90.2%
With Rung 16 and Rung 28, the other two ships (Spanish for “saint”)⛵SANTA⛵
90.1%
Home run record breaker Roger _____MARIS
89%
Reagan, Kerrigan, or DrewNANCY
88.6%
Child minderNANNY
87.5%
Large stingrayMANTA
86.2%
Frenzy, e.g. about the BeatlesMANIA
85.5%
John _____ Garner, FDR’s vice presidentNANCE
84.6%
Hint 5-Letter Word % Correct
Short name for a pinaforePINNY
83.2%
Silly idiotNINNY
82.3%
“Divine Comedy” poet AlighieriDANTE
81.4%
Prefix for “five”PENTA
80.8%
Jeweled crownTIARA
78.2%
À votre _____ (French toast: “to your health”)SANTÉ
76.4%
WeepyTEARY
76%
Contour feather (origin of the name for an inky writing utensil)PENNA
75.3%
Cloth that towels are made fromTERRY
74.3%
Ward off a blowPARRY
74.1%
Drag one’s feetTARRY
69.3%
____ _ strip off someone (criticize forcefully)TEAR A
67.3%
One-named R&B singer of “Get Up”CIARA
47.4%
With Rung 13, one of three ships (the real name of the Niña); also a California city⛵CLARA⛵
37.2%

Today's Daily Dose

You're not logged in!

Compare scores with friends on all Sporcle quizzes.
Join for Free
OR
Log In

You Might Also Like...

Show Comments

Extras

Top Quizzes Today


Score Distribution

Your Account Isn't Verified!

In order to create a playlist on Sporcle, you need to verify the email address you used during registration. Go to your Sporcle Settings to finish the process.

Report this User

Report this user for behavior that violates our Community Guidelines.

Details: